[Event "Cappelle la Grande op"]
[Site "Cappelle la Grande"]
[Date "2001.03.02"]
[Round "8"]
[White "Agdestein, Simen"]
[Black "McNab, Colin Anderson"]
[Result "1-0"]
[WhiteElo "2591"]
[BlackElo "2403"]
[PlyCount "93"]
[EventDate "2001.02.24"]
[Source "ChessBase"]
[SourceDate "2001.03.08"]

1. d4 d6 2. e4 g6 3. c4 e5 4. Nc3 Nd7 5. Nf3 Bg7 6. Be2 Ngf6 7. O-O O-O 8. Re1 c6 9. Rb1 a5 10. Bf1 Re8 11. d5 Nc5 12. b3 cxd5 13. cxd5 Bd7 14. a4 Rf8 15. Ba3 b6 16. Nd2 Ne8 17. Bb5 Bxb5 18. axb5 Bh6 19. Nc4 Qc7 20. Bxc5 Qxc5 21. Na4 Qxb5 22. Ncxb6 Ra6 23. Nc4 Nc7 24. Qc2 Qb7 25. Nc3 Nb5 26. Nxb5 Qxb5 27. Ra1 f5 28. exf5 gxf5 29. Red1 e4 30. Ra3 Bg7 31. Qd2 f4 32. Qc2 Re8 33. Ra4 Qc5 34. b4 Qb5 35. Na3 Qb6 36. b5 Raa8 37. Rxe4 Rac8 38. Rxe8+ Rxe8 39. Qc6 Qd8 40. Nc4 Bd4 41. Nxd6 Re2 42. Nf5 Bb6 43. d6 Rxf2 44. Kh1 a4 45. d7 a3 46. Qe6+ Kf8 47. Re1 1-0

[Event "Reykjavik"]
[Site "Reykjavik ISL"]
[Date "1976.??.??"]
[Round "3"]
[White "Keene, Raymond D"]
[Black "Sigurjonsson, Gudmundur"]
[Result "1/2-1/2"]
[WhiteElo "2460"]
[BlackElo "2530"]
[PlyCount "33"]
[EventDate "1976.09.??"]
[Source "www.chesslib.no"]
[SourceDate "2004.05.04"]

1. c4 g6 2. e4 Bg7 3. d4 d6 4. Nc3 Nf6 5. Be2 O-O 6. Nf3 e5 7. O-O Nbd7 8. Re1 c6 9. Bf1 a5 10. Rb1 Re8 11. d5 Nc5 12. b3 Bd7 13. a3 cxd5 14. cxd5 b5 15. b4 axb4 16. axb4 Na4 17. Nxa4 1/2-1/2

[Event "Open"]
[Site "Andorra"]
[Date "2007.07.02"]
[Round "3.7"]
[White "Garcia Roman, Daniel"]
[Black "Strikovic, Aleksa"]
[Result "0-1"]
[WhiteElo "2425"]
[BlackElo "2563"]
[PlyCount "100"]
[EventDate "2007.06.30"]
[Source "www.chesslib.no"]
[SourceDate "2004.05.04"]

1. d4 d6 2. c4 e5 3. Nf3 Nd7 4. Nc3 Ngf6 5. e4 g6 6. Be2 Bg7 7. O-O O-O 8. Re1 c6 9. Bf1 a5 10. h3 exd4 11. Nxd4 Re8 12. Bf4 Nc5 13. Qc2 Nh5 14. Be3 a4 15. Rad1 Qa5 16. g4 Nf6 17. Bf4 h5 18. f3 hxg4 19. hxg4 Bf8 20. Qd2 Nfd7 21. Bh6 Qd8 22. Nde2 Qb6 23. Bxf8 Nxf8 24. Kg2 Be6 25. Nf4 Rad8 26. Be2 f6 27. Rh1 Qc7 28. Rh6 Qg7 29. Rdh1 g5 30. Rh8+ Qxh8 31. Rxh8+ Kxh8 32. Nh5 Nh7 33. Qd4 Bf7 34. Qd1 Bxh5 35. gxh5 a3 36. bxa3 Kg7 37. Qb1 Nf8 38. f4 gxf4 39. Bg4 Nh7 40. Bf5 Ng5 41. h6+ Kf7 42. Qh1 Rh8 43. Qh5+ Ke7 44. Kf1 Rdg8 45. a4 f3 46. a5 Nce6 47. h7 Nxh7 48. Bxh7 Ng5 49. c5 Rxh7 50. cxd6+ Kxd6 0-1

[Event "Komercni Banka op"]
[Site "Pardubice"]
[Date "1997.07.20"]
[Round "4"]
[White "Babula, Vlastimil"]
[Black "Varavin, Viktor"]
[Result "1-0"]
[WhiteElo "2545"]
[BlackElo "2440"]
[PlyCount "69"]
[EventDate "1997.07.17"]
[Source "www.chesslib.no"]
[SourceDate "2004.05.04"]

1. d4 Nf6 2. c4 d6 3. Nc3 e5 4. Nf3 Nbd7 5. e4 g6 6. Be2 Bg7 7. O-O O-O 8. Re1 c6 9. Bf1 a5 10. Rb1 Re8 11. d5 Nc5 12. b3 Bd7 13. Nd2 Qb6 14. Ba3 Bh6 15. Rb2 Rad8 16. Qb1 Qa7 17. Na4 Na6 18. dxc6 bxc6 19. c5 d5 20. exd5 cxd5 21. Nf3 Ne4 22. Qd3 Nb4 23. Bxb4 axb4 24. Qxd5 Nc3 25. Qc4 Qa5 26. Nxc3 bxc3 27. b4 cxb2 28. bxa5 Bf5 29. c6 e4 30. Nd4 e3 31. Nxf5 exf2+ 32. Kxf2 Rxe1 33. Nxh6+ Kg7 34. Qc3+ Kxh6 35. Qxe1 1-0

[Event "Boavista Masters"]
[Site "Porto"]
[Date "2000.01.04"]
[Round "8"]
[White "Arlandi, Ennio"]
[Black "Strikovic, Aleksa"]
[Result "1/2-1/2"]
[WhiteElo "2465"]
[BlackElo "2518"]
[PlyCount "53"]
[EventDate "1999.12.27"]
[Source "ChessBase"]
[SourceDate "2000.04.05"]

1. d4 Nf6 2. c4 g6 3. Nc3 Bg7 4. e4 d6 5. Nf3 O-O 6. Be2 e5 7. O-O Nbd7 8. Re1 c6 9. Bf1 a5 10. dxe5 dxe5 11. Na4 Qe7 12. Qc2 b6 13. Be3 Rb8 14. a3 b5 15. cxb5 cxb5 16. Nc3 b4 17. axb4 axb4 18. Nd5 Nxd5 19. exd5 Bb7 20. Rad1 Rfc8 21. Qd2 Qd6 22. Bh6 f6 23. Bxg7 Kxg7 24. Re4 Rc5 25. Qxb4 Bxd5 26. Qd2 Qe7 27. Rb4 1/2-1/2

[Event "Mitropa Cup"]
[Site "?"]
[Date "1979.10.08"]
[Round "2.1"]
[White "Sahovic Dragutin"]
[Black "Hug Werner"]
[Result "0-1"]
[WhiteElo "2520"]
[BlackElo "2460"]
[PlyCount "70"]
[EventDate "1979.??.??"]
[Source "www.chesslib.no"]
[SourceDate "2004.05.04"]

1. d4 Nf6 2. c4 d6 3. Nc3 Nbd7 4. e4 e5 5. Nf3 c6 6. Be2 g6 7. O-O Bg7 8. Re1 O-O 9. Bf1 a5 10. Rb1 Re8 11. d5 Nc5 12. b3 Bd7 13. Ba3 Bf8 14. dxc6 bxc6 15. Bxc5 dxc5 16. h3 Qc7 17. Na4 Nh5 18. Qd2 Nf4 19. Red1 Rad8 20. Qe3 Ne6 21. Ne1 Bc8 22. Rxd8 Rxd8 23. Nd3 Rd4 24. g3 f6 25. h4 Qd8 26. Nc3 h5 27. Ne1 Kh7 28. Nf3 Bh6 29. Qe1 Rd6 30. Na4 Nd4 31. Nxd4 Rxd4 32. Nxc5 Rd2 33. Na4 Qd4 34. Be2 Qxe4 35. Rb2 Rxb2 0-1

[Event "DDR-ch 29th"]
[Site "Plauen"]
[Date "1980.??.??"]
[Round "6"]
[White "Hesse, Peter"]
[Black "Knaak, Rainer"]
[Result "1/2-1/2"]
[WhiteElo "2440"]
[BlackElo "2535"]
[PlyCount "90"]
[EventDate "1980.02.??"]
[Source "ChessBase"]

1. c4 g6 2. Nc3 Bg7 3. d4 d6 4. e4 Nd7 5. Nf3 e5 6. Be2 Ngf6 7. O-O O-O 8. Re1 c6 9. Bf1 a5 10. Rb1 Re8 11. d5 Nc5 12. Nd2 Bh6 13. Nb3 Bxc1 14. Rxc1 Nxb3 15. Qxb3 c5 16. Nb5 a4 17. Qc3 Ra6 18. b4 axb3 19. axb3 Bd7 20. b4 Bxb5 21. cxb5 cxb4 22. Qxb4 Qb6 23. Qc4 Raa8 24. Qc7 Qd4 25. Rcd1 Qb4 26. Rb1 Qa4 27. f3 Qa7+ 28. b6 Qb8 29. Rec1 Kf8 30. Bb5 Rc8 31. Qxb8 Raxb8 32. Ra1 Rxc1+ 33. Rxc1 Ra8 34. Rc7 Ra1+ 35. Bf1 Rb1 36. Rxb7 Ke8 37. Kf2 Nd7 38. Be2 Rb2 39. g3 Ke7 40. Ke3 Rxb6 41. Ra7 Rb3+ 42. Kf2 Kd8 43. h4 f6 44. Bf1 Rb2+ 45. Ke3 Rb3+ 1/2-1/2

[Event "ch NE"]
[Site "ch Leeuwarden NE"]
[Date "1979.??.??"]
[Round "?"]
[White "Sosonko, Gennadi P"]
[Black "Ligterink, Gert"]
[Result "1-0"]
[WhiteElo "2535"]
[BlackElo "2440"]
[PlyCount "55"]
[EventDate "1979.??.??"]
[Source "www.chesslib.no"]
[SourceDate "2004.05.04"]

1. d4 Nf6 2. c4 g6 3. Nc3 Bg7 4. e4 d6 5. Be2 O-O 6. Nf3 e5 7. O-O Nbd7 8. Re1 c6 9. Bf1 a5 10. dxe5 dxe5 11. Na4 Re8 12. h3 Bf8 13. Be3 Rb8 14. Rc1 b6 15. Qc2 Nc5 16. Nxc5 bxc5 17. Rcd1 Qc7 18. Qd2 a4 19. Qd6 Qxd6 20. Rxd6 Kg7 21. Rxc6 Rxb2 22. Rxc5 Nd7 23. Rc7 Rxa2 24. c5 Rb2 25. Ra1 Rb7 26. Rxb7 Bxb7 27. Bb5 Re7 28. c6 1-0

[Event "FRG-ch 20th"]
[Site "Bad Neuenahr"]
[Date "1989.??.??"]
[Round "?"]
[White "Ruf, Matthias"]
[Black "Hort, Vlastimil"]
[Result "0-1"]
[WhiteElo "2390"]
[BlackElo "2580"]
[PlyCount "102"]
[EventDate "1989.??.??"]
[Source "ChessBase"]

1. d4 Nf6 2. c4 g6 3. Nc3 Bg7 4. e4 d6 5. Be2 O-O 6. Nf3 Nbd7 7. O-O e5 8. Re1 c6 9. Bf1 a5 10. Rb1 Re8 11. b3 h6 12. d5 c5 13. g3 Nf8 14. Bg2 N6h7 15. Bd2 f5 16. Qc1 g5 17. Rf1 Ng6 18. Ne1 f4 19. f3 h5 20. Nd3 Rf8 21. Ne2 b6 22. a3 Ra7 23. b4 axb4 24. axb4 Raf7 25. bxc5 bxc5 26. Rb8 Nf6 27. Ra8 Qd7 28. Qa3 h4 29. g4 Nxe4 30. fxe4 f3 31. h3 fxe2 32. Re1 Nf4 33. Nxf4 exf4 34. Bf3 Qb7 35. Kf2 Kh7 36. Kxe2 Bxg4 37. Rxf8 Bxf3+ 38. Qxf3 Rxf8 39. Qh5+ Kg8 40. Qxg5 Qb3 41. Bxf4 Qxc4+ 42. Kf3 Qc3+ 43. Re3 Qf6 44. Qxf6 Rxf6 45. e5 Rxf4+ 46. Kxf4 Bh6+ 47. Ke4 Bxe3 48. exd6 Bg5 49. Kf5 Bd8 50. d7 Kf7 51. d6 Bf6 0-1

[Event "Thessaloniki (ol)"]
[Site "?"]
[Date "1988.??.??"]
[Round "?"]
[White "Murugan, K."]
[Black "Mestel, J."]
[Result "1-0"]
[WhiteElo "2455"]
[BlackElo "2510"]
[PlyCount "109"]
[EventDate "1988.??.??"]
[Source "ChessBase"]
[SourceDate "1988.07.01"]

1. d4 Nf6 2. c4 g6 3. Nc3 Bg7 4. e4 d6 5. Nf3 O-O 6. Be2 Nbd7 7. O-O e5 8. Re1 c6 9. Bf1 Qe7 10. Rb1 a5 11. d5 Ne8 12. b3 Kh8 13. a3 c5 14. b4 axb4 15. axb4 b6 16. bxc5 bxc5 17. Bd2 f5 18. Ra1 Rxa1 19. Qxa1 Ndf6 20. Bd3 Nh5 21. Nb5 fxe4 22. Bxe4 Nef6 23. Bc2 Bf5 24. Bxf5 gxf5 25. Ng5 Bh6 26. Qa6 Ne8 27. h4 f4 28. Rxe5 dxe5 29. Qxh6 Nhf6 30. Ne6 Rg8 31. Bc3 f3 32. g3 Ng4 33. Qf4 Qf6 34. Qxf6+ Nexf6 35. Ng5 Nd7 36. Nxf3 Rf8 37. Nxe5 Ndxe5 38. f4 Kg8 39. Bxe5 Re8 40. Nc7 Rb8 41. d6 Kf7 42. Kg2 Ne3+ 43. Kf3 Nxc4 44. Ke4 Nb6 45. g4 Rb7 46. h5 Ra7 47. g5 Ra2 48. Kf5 Rg2 49. Ne6 Nd7 50. g6+ hxg6+ 51. hxg6+ Rxg6 52. Ng5+ Rxg5+ 53. fxg5 Nf8 54. Bf6 c4 55. g6+ 1-0

[Event "Oberwart 86/528"]
[Site "?"]
[Date "2002.??.??"]
[Round "?"]
[White "Shariyazdanov, A."]
[Black "Sale, S."]
[Result "1-0"]
[WhiteElo "2562"]
[BlackElo "2403"]
[PlyCount "116"]
[EventDate "2002.??.??"]
[Source "Chess Informant"]
[SourceDate "2002.10.01"]

1. d4 Nf6 2. c4 g6 3. Nc3 Bg7 4. e4 d6 5. Be2 O-O 6. Nf3 e5 7. O-O Nbd7 8. Re1 c6 9. Bf1 a5 10. dxe5 dxe5 11. Na4 Re8 12. c5 Qe7 13. Qc2 Bf8 14. Be3 Ng4 15. Bg5 f6 16. Bd2 Nxc5 17. Nb6 Rb8 18. h3 Nh6 19. b4 Na6 20. Nxc8 Rexc8 21. bxa5 Nf7 22. Rab1 Nd6 23. Be3 Ra8 24. Red1 Kg7 25. Rb6 Rc7 26. Bxa6 Rxa6 27. Bc5 Qe6 28. Rxa6 bxa6 29. Qd3 Ne8 30. Bxf8+ Kxf8 31. Qxa6 Qxa2 32. Qb6 Ke7 33. a6 c5 34. Rd5 Qa3 35. Rd6 Rd7 36. Rxd7+ Kxd7 37. a7 Nc7 38. Kh2 c4 39. Qxf6 Qxa7 40. Nxe5+ Kc8 41. Nxc4 Qa2 42. Qf7 Qe2 43. Nd6+ Kd8 44. f4 Qd2 45. Nc4 Qd4 46. Ne5 Kc8 47. Qg8+ Kb7 48. Qxh7 Qxe4 49. Nxg6 Kb6 50. Qh6 Kb7 51. Qg7 Kb6 52. Qf6+ Kb7 53. Qf7 Kb6 54. f5 Qd4 55. Qe7 Nd5 56. Qd6+ Kb7 57. Ne7 Qf4+ 58. Qxf4 Nxf4 1-0

[Event "Villa Ballester op"]
[Site "Villa Ballester"]
[Date "2000.??.??"]
[Round "6"]
[White "Panno, Oscar"]
[Black "Sorin, Ariel"]
[Result "1/2-1/2"]
[WhiteElo "2459"]
[BlackElo "2502"]
[PlyCount "65"]
[EventDate "2000.??.??"]
[Source "www.chesslib.no"]
[SourceDate "2004.05.04"]

1. Nf3 Nf6 2. c4 g6 3. Nc3 Bg7 4. e4 d6 5. d4 O-O 6. Be2 e5 7. O-O Nbd7 8. Re1 c6 9. Bf1 a5 10. Rb1 exd4 11. Nxd4 Re8 12. f3 Nc5 13. Be3 Nfd7 14. Qd2 Qe7 15. Bf2 Qf8 16. Rbd1 a4 17. h3 Bh6 18. Be3 Bg7 19. g3 f5 20. exf5 gxf5 21. Bf2 Rxe1 22. Rxe1 Ne5 23. f4 Ned7 24. Qc2 Nb6 25. Bd3 Nxd3 26. Qxd3 Qf7 27. Nxc6 bxc6 28. Bxb6 Bf8 29. Bf2 Ba6 30. Nxa4 Bxc4 31. Qc2 Bd5 32. Nc3 Bxa2 33. Nxa2 1/2-1/2

[Event "Bayern-chI Bank Hofmann"]
[Site "Bad Wiessee"]
[Date "1997.11.20"]
[Round "6"]
[White "Epishin, Vladimir"]
[Black "Cladouras, Panagiotis"]
[Result "1-0"]
[WhiteElo "2570"]
[BlackElo "2390"]
[PlyCount "94"]
[EventDate "1997.11.15"]
[Source "ChessBase"]
[SourceDate "1998.03.09"]

1. d4 Nf6 2. c4 g6 3. Nc3 Bg7 4. e4 d6 5. Nf3 O-O 6. Be2 e5 7. O-O Nbd7 8. Re1 c6 9. Bf1 a5 10. dxe5 dxe5 11. Na4 Qe7 12. Qc2 b6 13. c5 b5 14. Nb6 Rb8 15. Be3 Ng4 16. Bd2 Qxc5 17. Qxc5 Nxc5 18. Bxa5 f5 19. Rac1 Nxe4 20. h3 Ngf6 21. Rxc6 Bb7 22. Bxb5 Bxc6 23. Bxc6 Rxb6 24. Bxb6 Rb8 25. Be3 Rxb2 26. a4 Nc3 27. Nxe5 Nfd5 28. Bd4 Rd2 29. Bxc3 Nxc3 30. Nf3 Re2 31. Kf1 Ra2 32. g4 fxg4 33. Re8+ Kf7 34. hxg4 h6 35. Ra8 Bf8 36. Ne5+ Kg7 37. Ra7+ Kg8 38. Rd7 g5 39. Bb5 Nxb5 40. axb5 Rb2 41. Rb7 Bc5 42. Nd3 Rb1+ 43. Ke2 Bd4 44. Kf3 Kf8 45. Ke4 Bf6 46. Kd5 Ke8 47. Ke6 Bd8 1-0

[Event "Beersheba"]
[Site "Beersheba"]
[Date "1982.??.??"]
[Round "5"]
[White "Reshevsky, Samuel Herman"]
[Black "Ciocaltea, Victor"]
[Result "1/2-1/2"]
[WhiteElo "2500"]
[BlackElo "2460"]
[PlyCount "23"]
[EventDate "1982.03.??"]
[Source "ChessBase"]

1. d4 Nf6 2. c4 g6 3. Nc3 Bg7 4. e4 d6 5. Nf3 O-O 6. Be2 Nbd7 7. O-O e5 8. Re1 c6 9. Bf1 a5 10. Rb1 Re8 11. d5 cxd5 12. cxd5 1/2-1/2

[Event "Smederevska Polanka"]
[Site "Smederevska Polanka"]
[Date "1979.06.04"]
[Round "3"]
[White "Rajkovic, Dusan"]
[Black "Ermenkov, Evgenij P"]
[Result "1/2-1/2"]
[WhiteElo "2460"]
[BlackElo "2495"]
[PlyCount "73"]
[EventDate "1979.06.??"]
[Source "www.chesslib.no"]
[SourceDate "2004.05.04"]

1. c4 g6 2. d4 Bg7 3. Nc3 d6 4. e4 Nd7 5. Nf3 e5 6. Be2 Ngf6 7. O-O O-O 8. Re1 c6 9. Bf1 a5 10. dxe5 dxe5 11. Na4 Qe7 12. Qc2 Rd8 13. Be3 Ng4 14. Bg5 f6 15. Bd2 Nc5 16. h3 Nxa4 17. Qxa4 Nh6 18. Bxa5 b6 19. Bb4 Qb7 20. Qc2 c5 21. Bc3 Nf7 22. a4 Bd7 23. a5 Bc6 24. Nd2 Ng5 25. f3 Ne6 26. Nb3 Nd4 27. Nxd4 exd4 28. Bd2 bxa5 29. Rxa5 Rxa5 30. Bxa5 Ra8 31. Bd2 Ra2 32. Bc1 Qb4 33. Qf2 Bd7 34. Bd3 Be6 35. Qe2 Ra4 36. Bd2 Qxb2 37. Rb1 1/2-1/2

[Event "JUG-chT"]
[Site "Herceg Novi"]
[Date "2001.05.??"]
[Round "10"]
[White "Nestorovic, Dejan"]
[Black "Cabrilo, Goran"]
[Result "1/2-1/2"]
[WhiteElo "2444"]
[BlackElo "2507"]
[PlyCount "38"]
[EventDate "2001.05.??"]
[Source "ChessBase"]
[SourceDate "2001.07.03"]

1. d4 Nf6 2. c4 d6 3. Nc3 Nbd7 4. Nf3 g6 5. e4 e5 6. Be2 Bg7 7. O-O O-O 8. Re1 c6 9. Bf1 a5 10. Bg5 h6 11. Bh4 g5 12. Bg3 Nh5 13. d5 Nc5 14. Nd2 Nxg3 15. hxg3 f5 16. exf5 Bxf5 17. Nde4 Nxe4 18. Nxe4 Bxe4 19. Rxe4 Qb6 1/2-1/2

[Event "ARG-ch"]
[Site "ARG"]
[Date "1995.??.??"]
[Round "10"]
[White "Servat, Roberto"]
[Black "Sorin, Ariel"]
[Result "1/2-1/2"]
[WhiteElo "2450"]
[BlackElo "2500"]
[PlyCount "81"]
[EventDate "1995.??.??"]
[Source "ChessBase"]

1. d4 Nf6 2. c4 d6 3. Nc3 Nbd7 4. e4 e5 5. Nf3 g6 6. Be2 Bg7 7. O-O O-O 8. Re1 c6 9. Bf1 a5 10. Rb1 exd4 11. Nxd4 Re8 12. f3 Nh5 13. Be3 Nc5 14. Qd2 f5 15. exf5 gxf5 16. Rbd1 Qf6 17. Nb3 Nxb3 18. axb3 f4 19. Bf2 Rxe1 20. Qxe1 Bf5 21. Bd3 Bxd3 22. Rxd3 Qg6 23. Qd2 Be5 24. Ne4 a4 25. Bd4 Nf6 26. Bxe5 Nxe4 27. fxe4 dxe5 28. Rd8+ Rxd8 29. Qxd8+ Kf7 30. Qd7+ Kf8 31. Qc8+ Ke7 32. Qxb7+ Kd6 33. Qb4+ Ke6 34. c5 Qg4 35. Qc4+ Kf6 36. Qd3 axb3 37. h3 Qe6 38. Qd8+ Kf7 39. Kf2 Kg6 40. Kf3 Kf7 41. Qc7+ 1/2-1/2

[Event "American Continental"]
[Site "?"]
[Date "1979.11.??"]
[Round "8"]
[White "Rubinetti Jorge A"]
[Black "Lombardy William J"]
[Result "1-0"]
[WhiteElo "2430"]
[BlackElo "2520"]
[PlyCount "81"]
[EventDate "1979.??.??"]
[Source "www.chesslib.no"]
[SourceDate "2004.05.04"]

1. d4 Nf6 2. c4 g6 3. Nc3 Bg7 4. e4 d6 5. Be2 O-O 6. Nf3 Nbd7 7. O-O e5 8. Re1 Re8 9. Bf1 c6 10. Rb1 a5 11. d5 Nc5 12. b3 Bd7 13. a3 cxd5 14. cxd5 Qb8 15. a4 Rc8 16. Nd2 Bh6 17. Nc4 Bxc1 18. Qxc1 Qc7 19. Qe3 Kg7 20. f3 Ne8 21. Na3 f5 22. Bb5 fxe4 23. fxe4 Nf6 24. Nc4 Ra6 25. Bxa6 bxa6 26. h3 Rb8 27. Nd2 Rb4 28. Rf1 Be8 29. Rf3 Qe7 30. Rbf1 Nfd7 31. Nd1 Qh4 32. Nf2 Rd4 33. g3 Qe7 34. Ng4 g5 35. Nf6 h6 36. Nxe8+ Qxe8 37. Qf2 Rxd2 38. Rf7+ Kh8 39. Qxd2 Nxe4 40. Qc2 Ndc5 41. Rf8+ 1-0

[Event "Aarhus"]
[Site "Aarhus"]
[Date "1976.??.??"]
[Round "?"]
[White "Ogaard, Leif"]
[Black "Nemet, Ivan"]
[Result "0-1"]
[WhiteElo "2490"]
[BlackElo "2455"]
[PlyCount "78"]
[EventDate "1976.07.??"]
[Source "ChessBase"]

1. c4 Nf6 2. Nc3 g6 3. e4 d6 4. d4 Bg7 5. Be2 O-O 6. Nf3 Nbd7 7. O-O e5 8. Re1 c6 9. Bf1 a5 10. Rb1 exd4 11. Nxd4 Re8 12. b3 Ng4 13. Qxg4 Bxd4 14. Bg5 Nf6 15. Qf3 h6 16. Bd2 Ng4 17. Nd1 d5 18. exd5 Rxe1 19. Bxe1 Bf5 20. Rc1 Qh4 21. h3 Ne5 22. Qe2 Nd3 23. Rc3 Nxe1 24. Qxe1 Bxc3 25. Nxc3 Qd4 26. Ne2 Re8 27. Qc1 Qd3 28. g4 Qc2 29. gxf5 Rxe2 30. Qf4 Re1 31. Qb8+ Kg7 32. f6+ Kxf6 33. Qh8+ Kg5 34. Qd8+ f6 35. h4+ Kh5 36. Qd7 Qd3 37. Kh2 Qxf1 38. Kg3 Qg1+ 39. Kf3 Qh1+ 0-1

[Event "Capablanca mem"]
[Site "Cienfuegos"]
[Date "1979.??.??"]
[Round "13"]
[White "Vilela, Jose Luis"]
[Black "Boensch, Uwe"]
[Result "1/2-1/2"]
[WhiteElo "2480"]
[BlackElo "2460"]
[PlyCount "27"]
[EventDate "1979.06.??"]
[Source "ChessBase"]

1. c4 Nf6 2. Nc3 g6 3. d4 d6 4. e4 Bg7 5. Nf3 Nbd7 6. Be2 e5 7. O-O O-O 8. Re1 c6 9. Bf1 a5 10. Rb1 exd4 11. Nxd4 Re8 12. Bg5 Nc5 13. f3 Qb6 14. Be3 1/2-1/2

[Event "Toth Memorial"]
[Site "Kecskemet HUN"]
[Date "1977.??.??"]
[Round "?"]
[White "Farago, Ivan"]
[Black "Hazai, Laszlo"]
[Result "1/2-1/2"]
[WhiteElo "2500"]
[BlackElo "2440"]
[PlyCount "27"]
[EventDate "1977.03.??"]
[Source "www.chesslib.no"]
[SourceDate "2004.05.04"]

1. d4 d6 2. c4 e5 3. Nf3 Nd7 4. Nc3 g6 5. e4 Ngf6 6. Be2 Bg7 7. O-O O-O 8. Re1 c6 9. Bf1 a5 10. Rb1 exd4 11. Nxd4 Re8 12. Bf4 Nc5 13. Qc2 Ng4 14. Nb3 1/2-1/2

[Event "Vitrobud Open"]
[Site "Sandomierz"]
[Date "1976.??.??"]
[Round "10"]
[White "Adamski, Jan"]
[Black "Knaak, Rainer F A"]
[Result "1/2-1/2"]
[WhiteElo "2415"]
[BlackElo "2520"]
[PlyCount "41"]
[EventDate "1976.??.??"]
[Source "www.chesslib.no"]
[SourceDate "2004.05.04"]

1. Nf3 g6 2. d4 d6 3. c4 Bg7 4. Nc3 Nd7 5. e4 e5 6. Be2 Ngf6 7. O-O O-O 8. Re1 c6 9. Bf1 a5 10. Rb1 Re8 11. d5 Nc5 12. b3 Bd7 13. dxc6 bxc6 14. Qxd6 Ncxe4 15. Rxe4 Nxe4 16. Nxe4 Bf5 17. Qxd8 Raxd8 18. Nfd2 Bxe4 19. Nxe4 f5 20. Bg5 fxe4 21. Bxd8 1/2-1/2

[Event "Mataruska Banja"]
[Site "?"]
[Date "1996.??.??"]
[Round "?"]
[White "Cosma, I."]
[Black "Damljanovic, B."]
[Result "1-0"]
[WhiteElo "2420"]
[BlackElo "2510"]
[PlyCount "109"]
[EventDate "1996.??.??"]
[Source "ChessBase"]
[SourceDate "1996.02.01"]

1. d4 Nf6 2. c4 g6 3. Nc3 Bg7 4. e4 d6 5. Nf3 O-O 6. Be2 e5 7. O-O c6 8. Re1 Nbd7 9. Bf1 a5 10. dxe5 dxe5 11. Na4 Qe7 12. Qc2 Nc5 13. Nxc5 Qxc5 14. Be3 Qe7 15. c5 Ng4 16. Bg5 f6 17. Bd2 Nh6 18. h3 Nf7 19. Be3 f5 20. exf5 gxf5 21. Bc4 Be6 22. Bd4 e4 23. Bxg7 Kxg7 24. Nd4 Bd7 25. Qc3 Qf6 26. Be6 Ne5 27. Nxf5+ Kh8 28. Bxd7 Nxd7 29. Qxf6+ Rxf6 30. Nd6 Nxc5 31. Nxe4 Nxe4 32. Rxe4 Rd8 33. Rae1 Rd2 34. R1e2 Rxe2 35. Rxe2 b5 36. g4 c5 37. Re8+ Kg7 38. Rb8 b4 39. Rc8 h5 40. Rxc5 hxg4 41. hxg4 Rf4 42. Rg5+ Kh6 43. Rxa5 Rxg4+ 44. Kf1 Rc4 45. b3 Rc2 46. Ra4 Kg5 47. Kg2 Kf5 48. Kg3 Rd2 49. Kf3 Rd3+ 50. Ke2 Rc3 51. Rxb4 Rc2+ 52. Kd3 Rxa2 53. f4 Rf2 54. Rd4 Rf1 55. Kc4 1-0

[Event "Malmo Schacknytt"]
[Site "Malmo SWE"]
[Date "1979.11.27"]
[Round "2"]
[White "Schussler, Harry"]
[Black "Nemet, Ivan"]
[Result "0-1"]
[WhiteElo "2460"]
[BlackElo "2470"]
[PlyCount "68"]
[EventDate "1979.11.26"]
[Source "www.chesslib.no"]
[SourceDate "2004.05.04"]

1. d4 Nf6 2. c4 g6 3. Nc3 Bg7 4. e4 d6 5. Nf3 O-O 6. Be2 e5 7. O-O Nbd7 8. Re1 c6 9. Bf1 a5 10. dxe5 dxe5 11. Na4 Re8 12. h3 Bf8 13. Be3 Rb8 14. Ba7 Ra8 15. Be3 Rb8 16. Qc2 b5 17. cxb5 cxb5 18. Nc5 Bxc5 19. Bxc5 Bb7 20. Bd6 Rc8 21. Qd3 Nxe4 22. Rad1 Nxd6 23. Qxd6 Bxf3 24. gxf3 Qg5+ 25. Kh1 Nc5 26. Rd5 Red8 27. Rdxe5 Qh4 28. Qb6 Qxf2 29. Qxb5 Nd3 30. R5e2 Qg3 31. Re8+ Kg7 32. Bxd3 Qxf3+ 33. Kh2 Qf2+ 34. Kh1 Rxe8 0-1

[Event "Malmo"]
[Site "Malmo"]
[Date "1995.??.??"]
[Round "9"]
[White "Brynell, Stellan"]
[Black "Djurhuus, Rune"]
[Result "1-0"]
[WhiteElo "2435"]
[BlackElo "2495"]
[PlyCount "137"]
[EventDate "1995.05.??"]
[Source "ChessBase"]

1. d4 Nf6 2. c4 g6 3. Nc3 Bg7 4. e4 d6 5. Nf3 O-O 6. Be2 e5 7. O-O Nbd7 8. Re1 c6 9. Bf1 a5 10. dxe5 dxe5 11. Na4 Qe7 12. Qc2 Ne8 13. c5 Nc7 14. Bg5 f6 15. Be3 Kh8 16. Nd2 f5 17. f3 f4 18. Bf2 Ne6 19. Nb3 g5 20. Be2 Rb8 21. Rad1 g4 22. fxg4 f3 23. Bxf3 Ng5 24. Qe2 h5 25. Nd2 Nf6 26. gxh5 Bh6 27. Bg3 Nxf3+ 28. Nxf3 Bg4 29. Rd3 Bg7 30. Qd2 Bxf3 31. Rxf3 Nxh5 32. Qf2 Rbd8 33. Rf1 Nf4 34. Qc2 Qe6 35. b3 Qg6 36. Bxf4 exf4 37. Rxf4 Rxf4 38. Rxf4 Qg5 39. Rf3 Rd2 40. Rh3+ Bh6 41. Qc3+ Kh7 42. Qf3 Qg7 43. Nc3 Rc2 44. Ne2 Rd2 45. Ng3 Qa1+ 46. Nf1 Qd4+ 47. Qe3 Qxe3+ 48. Nxe3 Kg6 49. Nc4 Rxa2 50. Rf3 Bg7 51. Rg3+ Kh7 52. Rd3 a4 53. bxa4 Rxa4 54. Nd6 Bd4+ 55. Kf1 Bxc5 56. Nxb7 Bd4 57. Nd8 c5 58. Ne6 Ra1+ 59. Ke2 Bg1 60. Ng5+ Kg6 61. Nf3 Kf6 62. Rd1 Ra2+ 63. Rd2 Ra1 64. Rc2 Bd4 65. Nxd4 cxd4 66. Kd3 Rd1+ 67. Rd2 Rh1 68. Rf2+ Ke6 69. h3 1-0

[Event "Varna"]
[Site "Varna"]
[Date "1983.??.??"]
[Round "4"]
[White "Meduna, Eduard"]
[Black "Ermenkov, Evgenij"]
[Result "1-0"]
[WhiteElo "2475"]
[BlackElo "2455"]
[PlyCount "109"]
[EventDate "1983.05.??"]
[Source "ChessBase"]

1. d4 Nf6 2. c4 g6 3. Nc3 Bg7 4. e4 d6 5. Nf3 O-O 6. Be2 c6 7. O-O e5 8. Re1 Nbd7 9. Bf1 a5 10. dxe5 dxe5 11. Na4 Qe7 12. Qc2 Rd8 13. c5 Ne8 14. Bg5 f6 15. Be3 Nf8 16. Nb6 Rb8 17. Qa4 Bg4 18. Nd2 f5 19. exf5 gxf5 20. Qxa5 Ne6 21. f3 Bh5 22. Nb3 N8c7 23. Bf2 Nd5 24. Qa4 Bf6 25. Qc4 Kh8 26. Qc2 Rg8 27. Kh1 Rbf8 28. Nxd5 cxd5 29. Rad1 Qg7 30. c6 bxc6 31. Qxc6 Ng5 32. Rxd5 Nxf3 33. Rd7 Qg4 34. Qb7 Ng5 35. Be2 Qxe2 36. Rxe2 Bxe2 37. Bh4 Bh5 38. Nc5 Bg6 39. Qd5 e4 40. Bxg5 Bxg5 41. Ne6 Bf6 42. Nxf8 Rxf8 43. Qd6 Kg8 44. Rb7 f4 45. Rb8 Rxb8 46. Qxb8+ Kf7 47. Qxf4 Ke6 48. b4 Bd4 49. h4 Kd5 50. h5 Be8 51. Qf5+ Be5 52. Qxh7 Bb5 53. Qb7+ Bc6 54. Qf7+ Kd4 55. Qa7+ 1-0

[Event "Open"]
[Site "Bucharest"]
[Date "2004.09.24"]
[Round "4"]
[White "Grigore, George"]
[Black "Szabo, Gergely"]
[Result "1-0"]
[WhiteElo "2507"]
[BlackElo "2422"]
[PlyCount "87"]
[EventDate "2004.09.22"]
[Source "Roberto Alvarez"]
[SourceDate "2004.10.05"]

1. d4 g6 2. c4 Bg7 3. Nf3 d6 4. Nc3 Nd7 5. e4 e5 6. Be2 Ngf6 7. O-O O-O 8. Re1 c6 9. Bf1 a5 10. dxe5 dxe5 11. b3 Qe7 12. Bb2 Bh6 13. Qc2 Re8 14. Rad1 Nf8 15. Nxe5 Qxe5 16. Nd5 cxd5 17. Bxe5 Rxe5 18. exd5 Bf5 19. Bd3 Rxe1+ 20. Rxe1 Bxd3 21. Qxd3 N8d7 22. Qd4 Bf8 23. Qf4 Ra6 24. Qc7 Nc5 25. g3 Bd6 26. Qd8+ Kg7 27. Re3 Nce4 28. Kg2 a4 29. Re2 Bc5 30. Qc7 axb3 31. axb3 b6 32. Qb7 Ra3 33. b4 Bxb4 34. Qxb6 Rb3 35. Rxe4 Nxe4 36. Qd4+ Nf6 37. c5 Ba3 38. d6 Bb2 39. Qd2 Ne4 40. Qd5 Rb4 41. d7 Bf6 42. c6 Nc5 43. Qd6 Rc4 44. Qxf6+ 1-0